[Event "4NCL 2011-12"]
[Site "Hinkley ENG"]
[Date "2012.05.05"]
[Round "11.126"]
[White "Talbot, Andrew R"]
[Black "Donovan, Nigel P"]
[Result "1/2-1/2"]
[WhiteElo "2146"]
[BlackElo "2033"]
[WhiteTeam "e2e4.org.uk"]
[BlackTeam "Jutes of Kent"]
[WhiteFideId "410403"]
[BlackFideId "403822"]
[EventDate "2011.11.12"]

1. d4 Nf6 2. c4 e6 3. Nc3 Bb4 4. Qc2 O-O 5. a3 Bxc3+ 6. Qxc3 b6 7. Bg5 Ba6 8.
Qf3 Nc6 9. Bxf6 Qxf6 10. Qxf6 gxf6 11. e3 Ne7 12. Nf3 Rfd8 13. Be2 d6 14. b4 c5
15. O-O Rac8 16. dxc5 dxc5 17. b5 Bb7 18. Rfd1 Bxf3 19. Bxf3 Kf8 20. Kf1 Ke8 1/2-1/2

[Event "4NCL 2011-12"]
[Site "Hinkley ENG"]
[Date "2012.05.05"]
[Round "11.127"]
[White "Rice, Chris B"]
[Black "Norinkeviciute, Rasa"]
[Result "1/2-1/2"]
[BlackTitle "WFM"]
[WhiteElo "2060"]
[BlackElo "1996"]
[WhiteTeam "Jutes of Kent"]
[BlackTeam "e2e4.org.uk"]
[WhiteFideId "404446"]
[BlackFideId "12801925"]
[EventDate "2011.11.12"]

1. c4 g6 2. g3 Bg7 3. Bg2 e5 4. Nc3 d6 5. d3 Ne7 6. e4 O-O 7. Nge2 Nd7 8. O-O f5
9. Be3 Nf6 10. f3 Be6 11. b3 c6 12. Qc2 d5 13. exd5 cxd5 14. d4 e4 15. Nf4 Bf7
16. cxd5 exf3 17. Bxf3 Nfxd5 18. Ncxd5 Nxd5 19. Nxd5 Bxd5 20. Qc5 Bxf3 21. Rxf3
Re8 22. Rd1 b6 23. Qc4+ Kh8 24. d5 Rc8 25. Qd3 Rc3 26. Qd2 Qd6 27. Kg2 Qd7 28.
Bd4 Rc7 29. d6 Rc6 30. Bxg7+ Kxg7 31. Rd3 Rc5 32. Re3 Rxe3 33. Qxe3 Rc2+ 34. Rd2
Rxd2+ 35. Qxd2 Kf7 36. Qd5+ Kf6 37. Kf3 h6 38. Kf4 g5+ 39. Ke3 Qe8+ 40. Kd4 Qd7
41. Qe5+ Kf7 42. Qd5+ Kf6 43. Kd3 Kg7 44. b4 Kf6 45. b5 f4 46. gxf4 gxf4 47. Ke4
f3 48. Qe5+ Kf7 49. Kxf3 Qh3+ 50. Ke4 Qg2+ 51. Ke3 Qg1+ 52. Kf3 Qd1+ 53. Kg3
Qd3+ 54. Kh4 Qc4+ 55. Kg3 Qd3+ 56. Kf4 Qc4+ 57. Qe4 Qc1+ 58. Ke5 Qc3+ 59. Qd4
Qe1+ 60. Qe4 Qc3+ 61. Qd4 Qe1+ 1/2-1/2

[Event "4NCL 2011-12"]
[Site "Hinkley ENG"]
[Date "2012.05.05"]
[Round "11.131"]
[White "Jones, Gawain C B"]
[Black "Morrison, Graham SCO"]
[Result "1-0"]
[WhiteTitle "GM"]
[BlackTitle "FM"]
[WhiteElo "2635"]
[BlackElo "2339"]
[WhiteTeam "White Rose"]
[BlackTeam "Barbican 4NCL"]
[WhiteFideId "409561"]
[BlackFideId "2400090"]
[EventDate "2011.11.12"]

1. d4 Nf6 2. c4 g6 3. f3 Bg7 4. e4 d6 5. Nc3 O-O 6. Be3 e5 7. d5 c6 8. Qd2 cxd5
9. cxd5 Nh5 10. O-O-O a6 11. g4 Nf4 12. Nge2 Nd7 13. Kb1 b5 14. Rc1 Rb8 15. h4
Nxe2 16. Bxe2 Nb6 17. h5 Bf6 18. g5 Bh8 19. Nd1 Bd7 20. Nf2 Qe7 21. b3 Rfc8 22.
Qa5 Rc5 23. Bxc5 dxc5 24. Nd3 Nxd5 25. Nxc5 Nf4 26. Qc7 Re8 27. Bf1 Bc8 28. Qxe7
Rxe7 29. Nd3 Bb7 30. Nxf4 exf4 31. Bh3 Be5 32. Bc8 gxh5 33. Bxb7 Rxb7 34. Rxh5 1-0

[Event "4NCL 2011-12"]
[Site "Hinkley ENG"]
[Date "2012.05.05"]
[Round "11.132"]
[White "Knott, Simon J B"]
[Black "Palliser, Richard J D"]
[Result "1/2-1/2"]
[WhiteTitle "IM"]
[BlackTitle "IM"]
[WhiteElo "2332"]
[BlackElo "2447"]
[WhiteTeam "Barbican 4NCL 1"]
[BlackTeam "White Rose"]
[WhiteFideId "400645"]
[BlackFideId "407372"]
[EventDate "2011.11.12"]

1. Nf3 Nf6 2. c4 g6 3. Nc3 Bg7 4. e4 d6 5. d4 O-O 6. Be2 e5 7. O-O Nc6 8. d5 Ne7
9. Ne1 Nd7 10. Nd3 f5 11. Bd2 fxe4 12. Nxe4 Nf5 1/2-1/2

[Event "4NCL 2011-12"]
[Site "Hinkley ENG"]
[Date "2012.05.05"]
[Round "11.133"]
[White "Wells, Peter K"]
[Black "Rogers, Jonathan W"]
[Result "1-0"]
[WhiteTitle "GM"]
[BlackTitle "FM"]
[WhiteElo "2492"]
[BlackElo "2349"]
[WhiteTeam "White Rose"]
[BlackTeam "Barbican 4NCL 2"]
[WhiteFideId "400327"]
[BlackFideId "402052"]
[EventDate "2011.11.12"]

1. d4 d5 2. Nf3 Nc6 3. g3 Nf6 4. Bg2 Bf5 5. c4 e6 6. O-O Be7 7. Nc3 h6 8. Ne5
O-O 9. Bf4 Na5 10. cxd5 exd5 11. Qa4 c6 12. b4 Nc4 13. Nxc4 dxc4 14. b5 Qxd4 15.
Rac1 Be6 16. bxc6 bxc6 17. Bxc6 Rac8 18. Bg2 Qc5 19. Rb1 Bd7 20. Qa6 Bc6 21. Be3
Qh5 22. Bd4 Bxg2 23. Kxg2 Qg4 24. Rfd1 h5 25. Rb7 Bd8 26. f3 Qf5 27. e4 Qe6 28.
Qxe6 fxe6 29. Rxa7 h4 30. Rb1 Rf7 31. Rxf7 Kxf7 32. Rb7+ Kg6 33. a4 Rc6 34. Ne2
Bc7 35. Rb5 Nd7 36. f4 Bb6 37. Rg5+ Kh6 38. Bxg7+ Kh7 39. Bc3 Nc5 40. a5 Nxe4
41. Rg7+ Kh6 42. axb6 Nxc3 43. Rc7 1-0

[Event "4NCL 2011-12"]
[Site "Hinkley ENG"]
[Date "2012.05.05"]
[Round "11.134"]
[White "Chapman, Terry P D"]
[Black "McNab, Colin A"]
[Result "0-1"]
[BlackTitle "GM"]
[WhiteElo "2253"]
[BlackElo "2438"]
[WhiteTeam "Barbican 4NCL 2"]
[BlackTeam "White Rose"]
[WhiteFideId "413399"]
[BlackFideId "2400030"]
[EventDate "2011.11.12"]

1. d4 d6 2. e4 g6 3. Nc3 Bg7 4. Be3 Nf6 5. h3 c6 6. f4 O-O 7. Nf3 Nbd7 8. Bd3
Qa5 9. Qd2 e5 10. dxe5 dxe5 11. f5 Nc5 12. g4 Rd8 13. O-O Nxd3 14. cxd3 Rd6 15.
Rad1 b6 16. a3 Bd7 17. b4 Qxa3 18. Ra1 Qxb4 19. Qc2 Rd4 20. Ra4 Qe7 21. Bxd4
exd4 22. Nxd4 b5 23. Ra2 Nxg4 24. hxg4 Bxd4+ 25. Kg2 Qh4 26. Rf3 Be5 27. Ne2
Qxg4+ 28. Ng3 Bd4 29. Qd2 Re8 30. Qh6 Bg7 31. Qf4 Qxf4 32. Rxf4 Bd4 33. Kf3 b4
34. Rh2 b3 35. fxg6 hxg6 0-1

[Event "4NCL 2011-12"]
[Site "Hinkley ENG"]
[Date "2012.05.05"]
[Round "11.135"]
[White "Gourlay, Iain"]
[Black "Berry, Neil"]
[Result "1-0"]
[WhiteTitle "FM"]
[BlackTitle "FM"]
[WhiteElo "2351"]
[BlackElo "2312"]
[WhiteTeam "White Rose"]
[BlackTeam "Barbican 4NCL 1"]
[WhiteFideId "2401533"]
[BlackFideId "2400650"]
[EventDate "2011.11.12"]

1. Nf3 Nf6 2. c4 e6 3. g3 d5 4. Bg2 Be7 5. O-O O-O 6. b3 a5 7. Nc3 d4 8. Nb5 Nc6
9. e3 e5 10. exd4 exd4 11. d3 Bg4 12. Bf4 Rc8 13. h3 Bh5 14. g4 Bg6 15. Nh4 Qd7
16. Bg3 Nd8 17. f4 c6 18. Na7 Ra8 19. Nxc6 Nxc6 20. f5 Bd6 21. Bf2 Bc7 22. fxg6
hxg6 23. Nf3 Rfe8 24. Qd2 Qd6 25. Rfe1 Nd7 26. Rxe8+ Rxe8 27. Re1 Rd8 28. Qe2
Nf8 29. Bh4 Ra8 30. Ng5 Qh2+ 31. Kf1 Qf4+ 32. Qf2 f6 33. Qxf4 Bxf4 34. Ne6 Nxe6
35. Rxe6 Nb4 36. Bxb7 Rb8 37. Bd5 Nxd5 38. cxd5 Rd8 39. Re4 Be5 40. Rxe5 g5 41.
Bxg5 1-0

[Event "4NCL 2011-12"]
[Site "Hinkley ENG"]
[Date "2012.05.05"]
[Round "11.136"]
[White "Coleman, David J"]
[Black "Townsend, M Paul"]
[Result "1/2-1/2"]
[WhiteTitle "CM"]
[WhiteElo "2244"]
[BlackElo "2255"]
[WhiteTeam "Barbican 4NCL 2"]
[BlackTeam "White Rose"]
[WhiteFideId "402087"]
[BlackFideId "402320"]
[EventDate "2011.11.12"]

1. e4 e6 2. d4 d5 3. Nc3 Bb4 4. e5 c5 5. a3 cxd4 6. axb4 dxc3 7. Nf3 Ne7 8. Bd3
Nd7 9. O-O Nc6 10. Re1 Nxb4 11. Bf1 O-O 12. Ra4 a5 13. bxc3 Nc5 14. Ra1 Nc6 15.
Ba3 b6 16. Nd4 Bd7 17. Rb1 Rb8 18. Nxc6 Bxc6 19. Qd4 Qd7 20. Re3 Rb7 21. Rh3 f5
22. exf6 Rxf6 23. Re1 Ne4 24. f3 Nd6 25. Bd3 Nf5 26. Qe5 Qc7 27. g4 Qxe5 28.
Rxe5 Ne7 29. g5 Ng6 30. Re1 Rf4 31. Bd6 Ra4 32. Rg3 Bd7 33. Bxg6 hxg6 34. f4 Ra2
35. Rg2 b5 1/2-1/2

[Event "4NCL 2011-12"]
[Site "Hinkley ENG"]
[Date "2012.05.05"]
[Round "11.137"]
[White "Croad, Nicolas"]
[Black "Sands, David A"]
[Result "1/2-1/2"]
[WhiteTitle "FM"]
[WhiteElo "2292"]
[BlackElo "2239"]
[WhiteTeam "White Rose"]
[BlackTeam "Barbican 4NCL"]
[WhiteFideId "4300793"]
[BlackFideId "402060"]
[EventDate "2011.11.12"]

1. d4 d5 2. c4 c6 3. Nf3 Nf6 4. e3 Bf5 5. Nc3 e6 6. Nh4 Bg6 7. Qb3 Qc7 8. Nxg6
hxg6 9. Bd2 Nbd7 10. h3 Be7 11. Rc1 Qb6 12. Qc2 Qd8 13. Bd3 O-O 14. O-O dxc4 15.
Bxc4 c5 16. dxc5 Nxc5 17. Rfd1 a6 18. Be1 Qe8 19. b4 Ncd7 20. Ne4 Rc8 21. Nxf6+
Nxf6 22. Qb1 Rc7 23. b5 axb5 24. Bxb5 Rxc1 25. Rxc1 Qb8 26. Be2 b6 27. Bf3 Qa7
28. Qb3 Rb8 29. Qc4 Bc5 30. a4 Rc8 31. Qb5 Rc7 32. a5 bxa5 33. Bxa5 Bb6 34. Rxc7
Bxc7 35. Bxc7 Qxc7 1/2-1/2

[Event "4NCL 2011-12"]
[Site "Hinkley ENG"]
[Date "2012.05.05"]
[Round "11.142"]
[White "Edouard, Romain"]
[Black "Rodriguez Guerrero, Enrique"]
[Result "1-0"]
[WhiteTitle "GM"]
[BlackTitle "GM"]
[WhiteElo "2621"]
[BlackElo "2454"]
[WhiteTeam "Guildford"]
[BlackTeam "Cheddleton"]
[WhiteFideId "633429"]
[BlackFideId "2216892"]
[EventDate "2011.11.12"]

1. e4 c5 2. Nc3 Nc6 3. Nf3 e5 4. Bc4 d6 5. d3 Be7 6. O-O Nf6 7. Ng5 O-O 8. f4
Bg4 9. Qe1 exf4 10. Bxf4 Nd4 11. Qd2 Qd7 12. a4 h6 13. Nf3 Nxf3+ 14. gxf3 Be6
15. Kh1 Kh7 16. Rae1 a6 17. Rg1 Rae8 18. Qg2 Rg8 19. Bxe6 Qxe6 20. Bc1 g5 21.
Qf1 Rg6 22. Nd1 Reg8 23. Ne3 Nh5 24. c3 Bd8 25. Rd1 Ng7 26. Nd5 Nh5 27. Qe2 f5
28. Ne3 f4 29. Nf5 Qb3 30. d4 Qxa4 31. dxc5 dxc5 32. Rd5 Nf6 33. Rxc5 g4 34. Qd3
gxf3 35. Rxg6 Kxg6 36. Nd6 Qa1 37. e5+ Kg7 38. Qd2 f2 39. Kg2 Kf8+ 40. Kxf2 Bb6
41. Qxf4 Bxc5+ 42. Kf3 Rg6 43. exf6 Qb1 44. Qxh6+ Rxh6 45. Bxh6+ Kg8 46. f7+ Kh7
47. f8=Q Qd3+ 48. Kg4 Qg6+ 49. Bg5 Bxd6 50. Qf3 Qe6+ 51. Kh5 Qe8+ 52. Kh4 Qe1+
53. Kh3 Qe6+ 54. Kg2 b5 55. h4 Kg8 56. Qd3 Be5 57. Qe4 Qd6 58. Kf3 Qd1+ 59. Kf2
Bg7 60. Qg6 Qg4 61. h5 Kh8 62. h6 Bd4+ 63. cxd4 Qxd4+ 64. Ke1 Qb4+ 65. Kd1 Qa4+
66. Kc1 Qc4+ 67. Kb1 1-0

[Event "4NCL 2011-12"]
[Site "Hinkley ENG"]
[Date "2012.05.05"]
[Round "11.144"]
[White "Smerdon, David"]
[Black "Arkell, Keith C"]
[Result "1-0"]
[WhiteTitle "GM"]
[BlackTitle "GM"]
[WhiteElo "2513"]
[BlackElo "2418"]
[WhiteTeam "Guildford 1"]
[BlackTeam "Cheddleton"]
[WhiteFideId "3202305"]
[BlackFideId "400270"]
[EventDate "2011.11.12"]

1. e4 c6 2. c4 d5 3. exd5 Nf6 4. Nc3 cxd5 5. cxd5 Nxd5 6. Nf3 Nxc3 7. bxc3 g6 8.
d4 Bg7 9. Bd3 Nc6 10. O-O O-O 11. Re1 Bg4 12. Be4 Qd7 13. Rb1 Rac8 14. h3 Bxf3
15. Bxf3 e6 16. h4 Na5 17. Qd3 b6 18. Bf4 Rfe8 19. Be2 Qc6 20. Qa6 Re7 21. Bb5
Qa8 22. d5 Rd8 23. d6 Rb7 24. d7 Rbxd7 25. Bxd7 Rxd7 26. Rxb6 e5 27. Qxa5 exf4
28. Reb1 Be5 29. Qa4 Qc8 30. Rc6 Qd8 31. Re1 Kg7 32. h5 Rd2 33. Qe4 f6 34. Ra6
Qc7 35. Rb1 Qxc3 36. Rxa7+ Kh6 1-0

[Event "4NCL 2011-12"]
[Site "Hinkley ENG"]
[Date "2012.05.05"]
[Round "11.145"]
[White "Hawkins, Jonathan"]
[Black "Conquest, Stuart C"]
[Result "1/2-1/2"]
[WhiteTitle "IM"]
[BlackTitle "GM"]
[WhiteElo "2480"]
[BlackElo "2521"]
[WhiteTeam "Cheddleton"]
[BlackTeam "Guildford 1"]
[WhiteFideId "412686"]
[BlackFideId "400181"]
[EventDate "2011.11.12"]

1. d4 g6 2. Nf3 Bg7 3. g3 d5 4. Bg2 Nf6 5. O-O O-O 6. c4 dxc4 7. Na3 Nc6 8. Nxc4
Bf5 9. b3 Qc8 10. Bb2 Rd8 11. e3 a5 12. a3 h6 13. Qe2 Ra6 14. Nfe5 Nxe5 15. Nxe5
Be6 16. b4 c6 17. b5 cxb5 18. Rfc1 Qb8 19. Qxb5 Bd5 20. a4 Bxg2 21. Kxg2 Nd5 22.
Nd3 Qa8 23. Rc5 Rb6 24. Qxa5 Ra6 25. Qb5 Rb6 26. Qa5 Ra6 27. Qb5 Rb6 1/2-1/2

[Event "4NCL 2011-12"]
[Site "Hinkley ENG"]
[Date "2012.05.05"]
[Round "11.146"]
[White "Kosten, Anthony C."]
[Black "Bellin, Robert"]
[Result "1/2-1/2"]
[WhiteTitle "GM"]
[BlackTitle "IM"]
[WhiteElo "2498"]
[BlackElo "2355"]
[WhiteTeam "Guildford 1"]
[BlackTeam "Cheddleton"]
[WhiteFideId "400114"]
[BlackFideId "400343"]
[EventDate "2011.11.12"]

1. c4 f5 2. g3 Nf6 3. Bg2 e6 4. d3 Be7 5. e3 O-O 6. Ne2 a5 7. Nbc3 d6 8. b3 c6
9. e4 e5 10. O-O Na6 11. h3 fxe4 12. dxe4 Nc5 13. Be3 b6 14. f4 exf4 15. gxf4
Qc7 16. Nd4 Bd7 17. e5 dxe5 18. fxe5 Qxe5 19. Bf4 Qh5 20. Nxc6 Bxc6 21. Qxh5
Nxh5 22. Bxc6 Rac8 23. Nd5 Bd8 24. Bd6 Rxf1+ 25. Rxf1 Nf6 26. Be7 Rxc6 27. Bxd8
Nxd5 28. cxd5 Rg6+ 29. Kh2 Nd7 30. Bc7 Rg5 31. d6 Re5 32. Kg3 g6 33. h4 Kg7 34.
Rf3 Re4 35. a4 h6 36. Bd8 Rd4 37. Bc7 Re4 38. Bd8 Rd4 39. Bc7 Re4 1/2-1/2

[Event "4NCL 2011-12"]
[Site "Hinkley ENG"]
[Date "2012.05.05"]
[Round "11.147"]
[White "Camacho Collados, Jose"]
[Black "Plaskett, H James"]
[Result "0-1"]
[WhiteTitle "FM"]
[BlackTitle "GM"]
[WhiteElo "2368"]
[BlackElo "2480"]
[WhiteTeam "Cheddleton"]
[BlackTeam "Guildford 1"]
[WhiteFideId "2265427"]
[BlackFideId "400238"]
[EventDate "2011.11.12"]

1. Nf3 Nf6 2. g3 d5 3. Bg2 c6 4. O-O Bf5 5. b3 e6 6. Bb2 Be7 7. d3 h6 8. Nbd2
O-O 9. e3 a5 10. Qe2 a4 11. a3 axb3 12. cxb3 c5 13. Rfd1 Qb6 14. Ne5 Bh7 15.
Rac1 Re8 16. h4 Nbd7 17. Nxd7 Nxd7 18. a4 Qa6 19. e4 d4 20. Ra1 b5 21. Rdb1 bxa4
22. bxa4 Ne5 23. Bf1 Reb8 24. Bc1 Rxb1 25. Nxb1 c4 26. dxc4 d3 27. Qe3 Bf6 28.
Bb2 d2 29. Nxd2 Ng4 30. Qe2 Bxb2 31. Ra2 Bc3 32. Qxg4 Rd8 33. Qe2 Qa5 34. Nb3
Qb4 35. Nc1 Bd4 36. Bg2 Qc3 37. Qc2 Qxg3 38. c5 Bxf2+ 39. Kf1 Bxc5 40. Qxc5 Rd1+
41. Ke2 Qe1+ 42. Kf3 Bxe4+ 43. Kg4 Rxc1 44. Qd4 Bf5+ 45. Kf3 Rc3+ 0-1

[Event "4NCL 2011-12"]
[Site "Hinkley ENG"]
[Date "2012.05.05"]
[Round "11.148"]
[White "Camacho Collados, Marcos"]
[Black "Eggleston, David J"]
[Result "1-0"]
[BlackTitle "FM"]
[WhiteElo "2411"]
[BlackElo "2367"]
[WhiteTeam "Guildford"]
[BlackTeam "Cheddleton"]
[WhiteFideId "2266237"]
[BlackFideId "412120"]
[EventDate "2011.11.12"]

1. e4 c5 2. c4 Nc6 3. Nc3 g6 4. g3 Bg7 5. Bg2 d6 6. d3 Nf6 7. Nge2 Rb8 8. O-O a6
9. a4 O-O 10. h3 Nd7 11. Rb1 Nd4 12. b4 cxb4 13. Rxb4 Qa5 14. Nd5 e6 15. Ne7+
Kh8 16. Bd2 Qd8 17. Nxc8 Qxc8 18. Nxd4 Bxd4 19. Bh6 Re8 20. Be3 Qc5 21. Qd2 Ne5
22. Rfb1 Qa7 23. Bxd4 Qxd4 24. c5 Qxd3 25. Qb2 Kg8 26. Bf1 Qf3 27. Be2 Qf6 28.
cxd6 g5 29. Rxb7 Rbd8 30. Rb6 a5 31. Rb5 Nd7 32. Qxf6 Nxf6 33. Rxg5+ Kf8 34. Bf3
e5 35. Rb5 Nd7 36. Rxa5 f6 37. Rh5 Kg7 38. Bg4 Kg6 39. Ra7 Nf8 40. Rhxh7 Nxh7
41. Bf5+ 1-0

[Event "4NCL 2011-12"]
[Site "Hinkley ENG"]
[Date "2012.05.05"]
[Round "11.151"]
[White "Jirka, Jiri"]
[Black "Emms, John M"]
[Result "0-1"]
[WhiteTitle "IM"]
[BlackTitle "GM"]
[WhiteElo "2415"]
[BlackElo "2484"]
[WhiteTeam "The AD's"]
[BlackTeam "Wood Green Hilsmark 1"]
[WhiteFideId "311731"]
[BlackFideId "400254"]
[EventDate "2011.11.12"]

1. d4 d5 2. Nf3 c5 3. c4 cxd4 4. cxd5 Nf6 5. Nxd4 Nxd5 6. e4 Nf6 7. Nc3 e5 8.
Bb5+ Bd7 9. Bxd7+ Qxd7 10. Ndb5 a6 11. Qa4 Nc6 12. Na3 Nd4 13. Qxd7+ Kxd7 14.
Rb1 Rc8 15. Bd2 b5 16. b4 Be7 17. f3 Ke6 18. Kf2 Rc6 19. Rhc1 Rhc8 20. Ne2 Nxe2
21. Rxc6+ Rxc6 22. Kxe2 Nd7 23. Rb2 Nb6 24. Rc2 Rxc2 25. Nxc2 Nc4 26. Bc1 g6 27.
Kd3 f5 28. a3 h5 29. g3 h4 30. g4 h3 31. Ne3 Nxe3 32. Bxe3 Bh4 33. Bg1 Kf6 34.
Ke2 Bg5 35. gxf5 gxf5 36. Bb6 Bf4 37. Bg1 Bc1 38. Bb6 Bxa3 39. Bc5 a5 40. Kf2 0-1

[Event "4NCL 2011-12"]
[Site "Hinkley ENG"]
[Date "2012.05.05"]
[Round "11.153"]
[White "Richardson, John R"]
[Black "Lalic, Bogdan"]
[Result "1/2-1/2"]
[WhiteTitle "FM"]
[BlackTitle "GM"]
[WhiteElo "2331"]
[BlackElo "2454"]
[WhiteTeam "The AD's"]
[BlackTeam "Wood Green Hilsmark"]
[WhiteFideId "401617"]
[BlackFideId "409081"]
[EventDate "2011.11.12"]

1. d4 Nf6 2. c4 g6 3. g3 c5 4. d5 b5 5. cxb5 a6 6. bxa6 d6 7. Nc3 Bg7 8. Bg2 O-O
9. Nf3 Nxa6 10. O-O Bf5 11. Nh4 Bd7 12. h3 Qb6 13. Rb1 Rfb8 14. e4 Nc7 15. Bd2
Nb5 16. a3 Ne8 1/2-1/2

[Event "4NCL 2011-12"]
[Site "Hinkley ENG"]
[Date "2012.05.05"]
[Round "11.154"]
[White "Houska, Jovanka"]
[Black "Wheeler, Darren P"]
[Result "1-0"]
[WhiteTitle "IM"]
[WhiteElo "2415"]
[BlackElo "2272"]
[WhiteTeam "Wood Green Hilsmark"]
[BlackTeam "The AD's"]
[WhiteFideId "405094"]
[BlackFideId "410136"]
[EventDate "2011.11.12"]

1. d4 e6 2. c4 Nf6 3. Nf3 d5 4. g3 c5 5. cxd5 exd5 6. Bg2 Nc6 7. O-O Be7 8. dxc5
Bxc5 9. a3 a5 10. Bg5 Be6 11. Nc3 O-O 12. Rc1 Be7 13. Nd4 Qb6 14. Nxe6 fxe6 15.
Bh3 Nd8 16. Na4 Qd6 17. Be3 Ra6 18. Qb3 Ne4 19. Rfd1 Qe5 20. Bg2 Qf5 21. Bxe4
Qxe4 22. Rc7 Re8 23. Bc5 Bf6 24. Qb5 Qg6 25. Nb6 Be5 26. Rd7 h5 27. Rd3 Kh7 28.
h4 Rg8 29. b3 Bf6 30. Kh2 Kh8 31. Rf3 d4 32. Be7 Bxe7 33. Rxe7 Qh6 34. Nc4 Rc6
35. Rd7 Rxc4 36. bxc4 Nc6 37. Rxb7 e5 38. Rb6 Rc8 39. Qc5 Qe6 40. Qd5 Qxd5 1-0

[Event "4NCL 2011-12"]
[Site "Hinkley ENG"]
[Date "2012.05.05"]
[Round "11.155"]
[White "Snape, Ian L"]
[Black "Greet, Andrew N"]
[Result "1/2-1/2"]
[BlackTitle "IM"]
[WhiteElo "2231"]
[BlackElo "2449"]
[WhiteTeam "The AD's"]
[BlackTeam "Wood Green Hilsmark 2"]
[WhiteFideId "404489"]
[BlackFideId "405817"]
[EventDate "2011.11.12"]

1. c4 e6 2. g3 d5 3. Bg2 c5 4. Nf3 Nc6 5. O-O Nf6 6. cxd5 exd5 7. d4 Be7 8. Nc3
O-O 9. Bg5 c4 10. Ne5 Be6 11. f4 h6 12. Bxf6 Bxf6 13. f5 Bxe5 14. dxe5 Qb6+ 15.
Kh1 Qxb2 16. Rc1 Bd7 17. Rc2 Qa3 18. Nxd5 Nxe5 19. f6 Rae8 20. fxg7 Kxg7 21. Nf6
Re6 22. Nxd7 Rd8 23. Rd2 c3 24. Rd4 c2 25. Qxc2 Rxd7 26. Rxd7 Nxd7 27. Bxb7 Ne5
28. Bd5 Rf6 29. Rxf6 Kxf6 30. Qd2 Kg7 31. Kg2 1/2-1/2

[Event "4NCL 2011-12"]
[Site "Hinkley ENG"]
[Date "2012.05.05"]
[Round "11.156"]
[White "Bellon Lopez, Juan Manuel"]
[Black "Swindells, Jonathan E"]
[Result "1-0"]
[WhiteTitle "GM"]
[WhiteElo "2419"]
[BlackElo "2178"]
[WhiteTeam "Wood Green Hilsmark"]
[BlackTeam "The AD's"]
[WhiteFideId "2200031"]
[BlackFideId "421863"]
[EventDate "2011.11.12"]

1. d4 Nf6 2. Bg5 c5 3. Bxf6 gxf6 4. d5 d6 5. e3 Qb6 6. Qc1 Nd7 7. Ne2 Ne5 8. Nd2
h5 9. a4 Bh6 10. f4 Ng6 11. Nc4 Qc7 12. Qd2 h4 13. Nc3 Bd7 14. Be2 Rg8 15. Nb5
Qb8 16. Qa5 b6 17. Nxb6 axb6 18. Qxa8 Qxa8 19. Nc7+ Kd8 20. Nxa8 Bf5 21. Bd3
Bxd3 22. cxd3 Nf8 23. Nxb6 Rxg2 24. a5 1-0

[Event "4NCL 2011-12"]
[Site "Hinkley ENG"]
[Date "2012.05.05"]
[Round "11.157"]
[White "Anderton, David W"]
[Black "Hanley, Craig A"]
[Result "0-1"]
[WhiteTitle "CM"]
[BlackTitle "IM"]
[WhiteElo "2221"]
[BlackElo "2415"]
[WhiteTeam "The AD's"]
[BlackTeam "Wood Green Hilsmark"]
[WhiteFideId "401668"]
[BlackFideId "408514"]
[EventDate "2011.11.12"]

1. d4 e6 2. c4 Bb4+ 3. Bd2 a5 4. Nf3 Nf6 5. Nc3 d5 6. cxd5 exd5 7. Bg5 c6 8. e3
Bf5 9. Be2 Nbd7 10. O-O h6 11. Bh4 Qb8 12. Bg3 Bd6 13. Nh4 Bh7 14. Bxd6 Qxd6 15.
Bd3 O-O 16. Nf5 Qe6 17. Qc2 Rae8 18. Rae1 c5 19. Ng3 cxd4 20. Bxh7+ Nxh7 21.
exd4 Qxe1 22. Rxe1 Rxe1+ 23. Nf1 Nb6 24. g3 a4 25. Kg2 Re6 26. Ne3 Nf6 27. Qd3
Rc8 28. a3 Nc4 29. Ncxd5 Nxd5 30. Nxc4 Rec6 31. Ne5 Rc2 32. Qf3 Nf6 33. Qxb7
R8c7 34. Qa8+ Kh7 35. Qxa4 Rxb2 36. d5 Rd2 37. Qf4 Rcc2 38. d6 Kg8 39. d7 Rd5
40. Qa4 Rcd2 41. Qa8+ Kh7 42. Nxf7 Nxd7 43. Nd8 Nc5 44. Nc6 Ne4 45. Kf3 Ng5+ 46.
Kg4 h5+ 47. Kxh5 Ne4+ 48. Kg4 Rxf2 49. h4 Nf6+ 50. Kh3 Rdd2 51. g4 Rf3# 0-1

[Event "4NCL 2011-12"]
[Site "Hinkley ENG"]
[Date "2012.05.05"]
[Round "11.158"]
[White "Pein, Malcolm"]
[Black "Bellin, Jana M"]
[Result "1-0"]
[WhiteTitle "IM"]
[BlackTitle "WGM"]
[WhiteElo "2382"]
[BlackElo "2133"]
[WhiteTeam "Wood Green Hilsmark 2"]
[BlackTeam "The AD's"]
[WhiteFideId "400289"]
[BlackFideId "402168"]
[EventDate "2011.11.12"]

1. e4 c6 2. d4 d5 3. e5 Bf5 4. h4 h5 5. c4 Bxb1 6. Rxb1 e6 7. c5 Be7 8. Bd3 Bxh4
9. g3 Be7 10. Rxh5 Rxh5 11. Qxh5 Nh6 12. Ne2 Nd7 13. Bxh6 gxh6 14. Bg6 Nxe5 15.
Qxe5 fxg6 16. Qxe6 g5 17. Qxh6 Qa5+ 18. Kf1 O-O-O 19. Qe6+ Rd7 20. Kg2 Qd2 21.
Rh1 Qd3 22. Rh8+ Bd8 23. Re8 Qh7 24. Ng1 Qf7 25. Qxf7 Rxf7 26. Nf3 Kd7 27. Rg8
Bf6 28. Nxg5 Re7 29. Nf3 Re4 30. g4 b6 31. g5 Bxd4 32. Nxd4 Rxd4 33. cxb6 axb6
34. Kg3 Rb4 35. g6 Ke6 36. Rf8 1-0

[Event "4NCL 2011-12"]
[Site "Hinkley ENG"]
[Date "2012.05.05"]
[Round "11.161"]
[White "Spence, David J"]
[Black "Cherniaev, Alexander"]
[Result "1/2-1/2"]
[BlackTitle "GM"]
[WhiteElo "2211"]
[BlackElo "2469"]
[WhiteTeam "Anglian Avengers"]
[BlackTeam "Guildford 1"]
[WhiteFideId "407429"]
[BlackFideId "4117301"]
[EventDate "2011.11.12"]

1. e4 c5 2. c3 Nf6 3. e5 Nd5 4. d4 cxd4 5. cxd4 d6 6. Nf3 Nc6 7. Bc4 dxe5 8.
dxe5 Ndb4 9. Qxd8+ Nxd8 10. Na3 a6 11. Nd4 b5 12. Be2 Bb7 13. O-O e6 14. Nac2
Nxc2 15. Nxc2 Nc6 16. f4 Bc5+ 17. Be3 Bxe3+ 18. Nxe3 Nd4 19. Rf2 Ke7 20. Rd1
Rhd8 21. Bf1 Nc6 22. Rfd2 Rxd2 23. Rxd2 g5 24. g3 Rg8 25. Kf2 gxf4 26. gxf4 Nb8
27. Be2 Nd7 28. Rc2 Kd8 29. Rc1 f6 30. exf6 Nxf6 1/2-1/2